Pro Bowl Quarterbacks (2010-21) - Statistics

General Stats
  • This quiz has been taken 118 times
  • The average score is 105 of 112
Answer Stats
Year Conference Team Answer % Correct
2011 NFC Green Bay Aaron Rodgers
100%
NFC Green Bay Aaron Rodgers
100%
2014 NFC Green Bay Aaron Rodgers
100%
NFC Green Bay Aaron Rodgers
100%
NFC Green Bay Aaron Rodgers
100%
NFC Green Bay Aaron Rodgers
100%
NFC Green Bay Aaron Rodgers
100%
2020 NFC Green Bay Aaron Rodgers
100%
2021 NFC Green Bay Aaron Rodgers
100%
NFC New Orleans Drew Brees
100%
NFC New Orleans Drew Brees
100%
NFC New Orleans Drew Brees
100%
NFC New Orleans Drew Brees
100%
NFC New Orleans Drew Brees
100%
NFC New Orleans Drew Brees
100%
NFC New Orleans Drew Brees
100%
NFC New Orleans Drew Brees
100%
NFC New Orleans Drew Brees
100%
NFC Seattle Russell Wilson
100%
NFC Seattle Russell Wilson
100%
NFC Seattle Russell Wilson
100%
NFC Seattle Russell Wilson
100%
NFC Seattle Russell Wilson
100%
NFC Seattle Russell Wilson
100%
NFC Seattle Russell Wilson
100%
NFC Seattle Russell Wilson
100%
NFC Seattle Russell Wilson
100%
2010 AFC New England Tom Brady
100%
AFC New England Tom Brady
100%
AFC New England Tom Brady
100%
AFC New England Tom Brady
100%
AFC New England Tom Brady
100%
AFC New England Tom Brady
100%
2016 AFC New England Tom Brady
100%
2017 AFC New England Tom Brady
100%
AFC New England Tom Brady
100%
NFC Tampa Bay Tom Brady
100%
NFC Atlanta Matt Ryan
99%
NFC Atlanta Matt Ryan
99%
NFC Atlanta Matt Ryan
99%
NFC Atlanta Matt Ryan
99%
2018 AFC Kansas City Patrick Mahomes
99%
AFC Kansas City Patrick Mahomes
99%
AFC Kansas City Patrick Mahomes
99%
AFC Kansas City Patrick Mahomes
99%
NFC NY Giants Eli Manning
97%
NFC NY Giants Eli Manning
97%
NFC NY Giants Eli Manning
97%
NFC Washington Kirk Cousins
97%
NFC Minnesota Kirk Cousins
97%
NFC Minnesota Kirk Cousins
97%
AFC Indianapolis Peyton Manning
97%
2012 AFC Denver Peyton Manning
97%
2013 AFC Denver Peyton Manning
97%
AFC Denver Peyton Manning
97%
AFC Oakland Derek Carr
96%
AFC Oakland Derek Carr
96%
AFC Oakland Derek Carr
96%
AFC San Diego Philip Rivers
96%
AFC San Diego Philip Rivers
96%
AFC San Diego Philip Rivers
96%
AFC San Diego Philip Rivers
96%
AFC LA Chargers Philip Rivers
96%
AFC LA Chargers Philip Rivers
96%
AFC Pittsburgh Ben Roethlisberger
95%
AFC Pittsburgh Ben Roethlisberger
95%
AFC Pittsburgh Ben Roethlisberger
95%
AFC Pittsburgh Ben Roethlisberger
95%
AFC Pittsburgh Ben Roethlisberger
95%
NFC Dallas Dak Prescott
95%
NFC Dallas Dak Prescott
95%
NFC Dallas Dak Prescott
95%
AFC LA Chargers Justin Herbert
95%
NFC Arizona Kyler Murray
95%
NFC Arizona Kyler Murray
95%
NFC Carolina Cam Newton
94%
NFC Carolina Cam Newton
94%
2015 NFC Carolina Cam Newton
94%
AFC Buffalo Josh Allen
94%
AFC Buffalo Josh Allen
94%
2019 AFC Baltimore Lamar Jackson
94%
AFC Baltimore Lamar Jackson
94%
NFC Detroit Matthew Stafford
94%
AFC Kansas City Alex Smith
92%
AFC Kansas City Alex Smith
92%
AFC Kansas City Alex Smith
92%
AFC Indianapolis Andrew Luck
92%
AFC Indianapolis Andrew Luck
92%
AFC Indianapolis Andrew Luck
92%
AFC Indianapolis Andrew Luck
92%
NFC LA Rams Jared Goff
92%
NFC LA Rams Jared Goff
92%
NFC Dallas Tony Romo
92%
AFC Cincinnati Andy Dalton
91%
AFC Cincinnati Andy Dalton
91%
AFC Cincinnati Andy Dalton
91%
NFC Philadelphia Carson Wentz
91%
AFC Houston Deshaun Watson
91%
AFC Houston Deshaun Watson
91%
AFC Houston Deshaun Watson
91%
AFC Tennessee Ryan Tannehill
87%
AFC New England Mac Jones
86%
NFC Arizona Carson Palmer
85%
NFC Tampa Bay Jameis Winston
81%
NFC Philadelphia Michael Vick
77%
NFC Washington Robert Griffin III
77%
NFC Chicago Mitchell Trubisky
71%
NFC Philadelphia Nick Foles
71%
AFC Houston Matt Schaub
59%
AFC Buffalo Tyrod Taylor
59%
NFC Minnesota Teddy Bridgewater
54%
AFC Kansas City Matt Cassel
21%
No matching quizzes found
Score Distribution
Percent of People with Each Score
Percentile by Number Answered
Your Score History
You have not taken this quiz